NBA Same last names - Statistics

General Stats
  • This quiz has been taken 37 times
  • The average score is 13 of 15
Answer Stats
Hint Answer % Correct
seth,steph curry
100%
lonzo,lamelo ball
97%
thomas, kobe bryant
94%
pau, marc gasol
94%
danny, draymond green
94%
isaiah, cam thomas
94%
penny, tim hardaway
91%
jarrett, grayson allen
88%
aaron, eric gordon
85%
lenny, dominique wilkins
85%
baron, anthony davis
82%
elvin, killian hayes
82%
rasheed, ben wallace
82%
royce, jermaine oneal
76%
horace. harvey grant
73%
No matching quizzes found
Score Distribution
Percent of People with Each Score
Percentile by Number Answered
Your Score History
You have not taken this quiz